000 00317nam a2200133Ia 4500
005 20251222143131.0
008 251222s9999||||xx |||||||||||||| ||spa||
020 _a950-12-2140-7
082 _a372.357/K26
100 _aKaufman, Miriam
245 0 _aEnseñar Ciencias Naturales:
264 _bPaidós
942 _cLIB
999 _c11937
_d11937